Manual de lombricultura
Saved in:
| Hovedforfatter: | |
|---|---|
| Format: | Bog |
| Sprog: | spansk |
| Udgivet: |
Madrid
Mundi-Prensa
1987
|
| Fag: | |
| Tags: |
Tilføj Tag
Ingen Tags, Vær først til at tagge denne postø!
|
MARC
| LEADER | 00000nam a2200000 a 4500 | ||
|---|---|---|---|
| 001 | UCQ3448 | ||
| 003 | CL-VaPUC | ||
| 008 | 980821e19870000SP |||||||||||||||||spa|d | ||
| 082 | 0 | 4 | |a 639.75 |b FER |2 21 |
| 100 | 0 | |a Ferruzzi, Carlo |e author |9 417604 | |
| 245 | 1 | 0 | |a Manual de lombricultura |
| 300 | |a 138 p | ||
| 942 | |c BK | ||
| 945 | |d 19980821 00:00:00 |a mvenant | ||
| 260 | |a Madrid |b Mundi-Prensa |c 1987 | ||
| 650 | 7 | |a LOMBRIZ DE TIERRA |2 CL-VaPUC |9 357339 | |
| 650 | 7 | |a LOMBRICULTURA |2 CL-VaPUC |9 417605 | |
| 650 | 0 | |a Manuales |9 257144 | |
| 650 | 0 | |a Ecología |9 258124 | |
| 650 | 0 | |a Comercialización |9 259326 | |
| 583 | |a last modification |c 19980821 00:00:00 |k Rodrigo Vera | ||
| 999 | |c 274024 |d 274022 | ||
| 952 | |0 0 |1 0 |4 0 |6 639_750000000000000_FER_1987 |7 0 |8 CCM |9 310071 |a BIBCUR |b BIBCUR |d 2019-11-20 |i 3961028 |o 639.75 FER 1987 |p 3961028 |r 2025-04-22 |w 2019-11-20 |y BK |k CIM | ||